00526nam a22001577a 450000500170000001000150001702000260003203500140005803700130007208200130008510000250009824500790012326000540020227000800025630000320033620220715161409.0 aENG-133609 a9789354790812c495.00 aEN-117141 bDBAD/PUB a338.6048 aIyer, Sai Prakash R. aBattle Ready:bCrafting Strategy to Beat Competition/cSai Prakash R. Iyer aNew DelhibSage Publications India Pvt. Ltdc2021 aB-1/I-I Mohan Cooperative Industrial Area Mathura Road, bNew Delhie110044 axv, 262p.bIndexc22cm(pbk)